000 00661nam a2200241 i 4500
001 C2-0291905
003 PPAK
005 20180728024108.0
008 081028s2007 my a|||| ||||| | may d
020 _a9789839914955
040 _aPPAK
_beng
_cPPAK
_erda
082 0 4 _a959.5
_223
090 0 0 _a959.5
_bHAL
_dR
100 0 _aHaliza Hashim-Doyle,
_eauthor
245 1 0 _aMalaysians
264 1 _a[Kuala Lumpur] :
_bA SymPress Book ,
_c2007
300 _a512 pages :
_bcolour illustrations ;
_c22 cm
336 _2rdacontent
_atext
337 _2rdamedia
_aunmediated
338 _2rdacarrier
_avolume
650 1 0 _aMalaysia - Photographs.
942 _ddc
_cB
999 _c96951
_d96951